000 00400nam a2200157Ia 4500
008 100122s9999 xx 000 0 und d
082 _b72401
_a823
100 _aठाकूर दिलीप
245 _aझिंग
250 _a1
260 _bश्रीकल्प प्रकाशन
_c2007
300 _a176
630 _aझिंग
730 _aझिंग
942 _cBOOK
999 _c388279
_d388276